00671nam a2200241Ia 4500008004100000020001800041050001700059050001400076100002100090245003500111245003200146245003700178260002200215260003500237260000900272300001600281300001600297300001200313500005100325650001600376650002300392650001400415160216s9999 xx 000 0 und d a0-7817-4042-8 aMAIN RT 84.5 b.L57 2004 aLipe, Saundra K. aCritical thinking in nursing : ba cognitive skills workbook cSaundra K. Lipe, Sharon Beasley. aSpringhouse, PA : bLippincott Williams & Wilkins. c2004 a337 pages : bcol. ill. ; c28 cm.  aIncludes bibliographical references and index. aCognition.  aCritical thinking. aNursing.